| 000 | 00493nam a2200169 a 4500 | ||
|---|---|---|---|
| 005 | 20140310183539.0 | ||
| 008 | 110818s19uu xx 00 eng d | ||
| 020 | _a9788171326129 | ||
| 050 |
_aTP 248.2 _b.M251 2010 |
||
| 100 | _aMalik, C.P. | ||
| 245 |
_aBiotechnology : _bDevelopments and applications / _cC.P. Malik. |
||
| 260 |
_aJaipur, India : _bPointer Publishers, _c2010. |
||
| 300 |
_a226 p. : _bill. ; _c23 cm. |
||
| 650 | _aBiotechnology | ||
| 942 |
_cBK _2lcc _kFOR |
||
| 999 |
_c24763 _d24763 |
||